| 000 | 01437nam a2200433 c 4500 | ||
|---|---|---|---|
| 001 | 12103 | ||
| 003 | ES-MaCES | ||
| 005 | 20250324174820.0 | ||
| 008 | 010521s2001 sp l 000 | spa d | ||
| 017 |
_aM 27607-2001 _bDL |
||
| 020 | _a8447015548 | ||
| 035 | _aCES20010006578m | ||
| 040 |
_aES-MaCES _bspa _cES-MaCES |
||
| 110 | 1 |
_aEspaña _tLey de extranjería, 2000 _93185 |
|
| 245 | 1 | 0 |
_aDerechos y libertades de los extranjeros en España _b: (Ley Orgánica 4/2000, reformada por Ley Orgánica 8/2000) |
| 250 | _a1ª ed. | ||
| 260 |
_aMadrid _bCivitas _c2001 |
||
| 300 |
_a65 p. _c16 cm |
||
| 490 | 1 |
_aBiblioteca de legislación _v153. Serie menor |
|
| 500 | _aÍndices | ||
| 541 | _cCompra | ||
| 650 | 4 |
_aextranjero _928630 |
|
| 650 | 4 |
_ainmigrante _928631 |
|
| 650 | 4 |
_aderechos civiles _930100 |
|
| 650 | 4 |
_aderechos económicos y sociales _929875 |
|
| 650 | 4 |
_aintegración social _927283 |
|
| 650 | 4 |
_aEspaña _926964 |
|
| 650 | 4 |
_alegislación _927153 |
|
| 650 | 4 |
_areglamento _927154 |
|
| 650 | 4 |
_atexto _929624 |
|
| 653 | 1 | 0 | _aLegislación |
| 710 | 1 |
_aEspaña _bMinisterio de la Presidencia _93255 |
|
| 775 | 0 |
_tDerechos y libertades de los extranjeros en España _w(ES-MaCES)18262 |
|
| 830 | 0 |
_aBiblioteca de legislación _v153 _932132 |
|
| 830 | 0 |
_aBiblioteca de legislación _pSerie menor _932133 |
|
| 902 | _aLIB Libro | ||
| 942 |
_2CES _cBK _h6.1. |
||
| 999 |
_c12103 _d12103 |
||